[Event "7th Essent op"]
[Site "Hoogeveen NED"]
[Date "2003.10.13"]
[Round "4.31"]
[White "Nagel, Yvette"]
[Black "Malinarski, Yehuda"]
[Result "0-1"]
[WhiteElo "2075"]
[BlackElo "2180"]
[EventDate "2003.10.10"]
[PlyCount "56"]

1.e4 c5 2.Nf3 e6 3.d4 cxd4 4.Nxd4 Nf6 5.Nc3 d6 6.f4 a6 7.Nf3 Qb6 8.Bd3 Be7
9.Bd2 Nc6 10.Na4 Qc7 11.O-O b5 12.Nc3 O-O 13.Qe1 b4 14.Nd1 e5 15.Kh1 a5 
16.f5 Bb7 17.Qg3 Kh8 18.Ne3 Nd4 19.Ng5 h6 20.c3 bxc3 21.bxc3 hxg5 22.cxd4 
Nxe4 23.Qh3+ Kg8 24.f6 Bxf6 25.Rxf6 Nxf6 26.Ng4 e4 27.Bxg5 Nxg4 28.Qxg4 f5
0-1

[Event "7th Essent op"]
[Site "Hoogeveen NED"]
[Date "2003.10.13"]
[Round "4.32"]
[White "Cako, Laszlo"]
[Black "Slisser, Theo"]
[Result "1-0"]
[WhiteElo "2164"]
[BlackElo "2161"]
[EventDate "2003.10.10"]
[PlyCount "101"]

1.e4 c5 2.Nf3 d6 3.d4 cxd4 4.Nxd4 Nf6 5.Nc3 Nc6 6.Bc4 Bd7 7.O-O g6 8.Bg5 
Bg7 9.Nb3 Rc8 10.Re1 O-O 11.Qe2 Ne5 12.Bd3 Be6 13.Rad1 Bc4 14.Nd2 Nxd3 15.
cxd3 Ba6 16.Nc4 Re8 17.Ne3 Rxc3 18.bxc3 Nxe4 19.Qg4 Nxc3 20.Rd2 Qa5 21.Nc4
Bxc4 22.dxc4 f5 23.Qh4 Ne4 24.Rde2 e5 25.Bh6 Bf6 26.Qh3 Nc5 27.Rd1 Rd8 28.
Qe3 Ne6 29.Red2 Qc7 30.Qxa7 Nd4 31.Be3 Qxc4 32.Bxd4 exd4 33.Qxb7 Rc8 34.g3
Rc7 35.Qb6 Rc6 36.Qb8+ Kg7 37.Rb2 Rc7 38.Rdb1 Re7 39.Qxd6 d3 40.Rd2 h5 41.
Qxd3 Qa4 42.h4 f4 43.Re2 Rd7 44.Qf3 fxg3 45.fxg3 Qa6 46.Kg2 Qd6 47.Rb7 
Rxb7 48.Qxb7+ Kh6 49.Qf3 Kg7 50.Rf2 Bd4 51.Qf7+ 1-0

[Event "7th Essent op"]
[Site "Hoogeveen NED"]
[Date "2003.10.14"]
[Round "5.1"]
[White "Rogers, Ian"]
[Black "Izoria, Zviad"]
[Result "1/2-1/2"]
[WhiteElo "2574"]
[BlackElo "2546"]
[EventDate "2003.10.10"]
[PlyCount "51"]

1.e4 c6 2.d4 d5 3.exd5 cxd5 4.c4 Nf6 5.Nc3 e6 6.Nf3 Bb4 7.Bd3 dxc4 8.Bxc4 
O-O 9.O-O b6 10.Bg5 Bb7 11.Ne5 Bxc3 12.bxc3 Qc7 13.Bd3 Nbd7 14.Nxd7 Nxd7 
15.Qg4 Rfe8 16.Bh6 g6 17.Rfe1 Bd5 18.Rac1 Bc4 19.Bf4 e5 20.Bxc4 exf4 21.
Rxe8+ Rxe8 22.Bb3 Kg7 23.h3 Nf6 24.Qf3 Re4 25.Rd1 Qe7 26.Bc2 1/2-1/2

[Event "7th Essent op"]
[Site "Hoogeveen NED"]
[Date "2003.10.14"]
[Round "5.2"]
[White "Beshukov, Sergei"]
[Black "Dvoirys, Semen I"]
[Result "0-1"]
[WhiteElo "2506"]
[BlackElo "2569"]
[EventDate "2003.10.10"]
[PlyCount "66"]

1.e4 c5 2.Nf3 d6 3.d4 cxd4 4.Nxd4 Nf6 5.f3 e5 6.Nb3 Be6 7.c4 Nbd7 8.Be3 
Rc8 9.Na3 a6 10.Be2 Be7 11.O-O O-O 12.Qd2 Ne8 13.Rac1 g6 14.Rfd1 f5 15.
exf5 gxf5 16.g3 Nef6 17.Na5 Rc7 18.b4 b6 19.Nb3 Kh8 20.Bf1 Qe8 21.Bg2 Rg8 
22.Kh1 Qh5 23.Qe1 Rcc8 24.Bf2 f4 25.g4 Bxg4 26.fxg4 Nxg4 27.Bg1 Nxh2 28.
Bxh2 Rxg2 29.Kxg2 Rg8+ 30.Bg3 Rxg3+ 31.Qxg3 fxg3 32.Rd2 e4 33.Rg1 Ne5 0-1

[Event "7th Essent op"]
[Site "Hoogeveen NED"]
[Date "2003.10.14"]
[Round "5.3"]
[White "Pert, Nicholas"]
[Black "Glek, Igor Vladimirovich"]
[Result "1/2-1/2"]
[WhiteElo "2488"]
[BlackElo "2555"]
[EventDate "2003.10.10"]
[PlyCount "46"]

1.d4 Nf6 2.Nf3 g6 3.c4 Bg7 4.g3 c6 5.Bg2 d5 6.cxd5 cxd5 7.Ne5 e6 8.O-O 
Nfd7 9.Nxd7 Bxd7 10.Nc3 O-O 11.e3 Na6 12.Qb3 Bc6 13.Bd2 Qd7 14.Rfc1 Rfc8 
15.a4 Nc7 16.Ne2 Ne8 17.Nf4 Nd6 18.Nd3 Nc4 19.Bc3 Rc7 20.Qd1 Rac8 21.b3 
Nd6 22.Bb4 Ne4 23.Rc2 Qd8 1/2-1/2

[Event "7th Essent op"]
[Site "Hoogeveen NED"]
[Date "2003.10.14"]
[Round "5.5"]
[White "Hort, Vlastimil"]
[Black "Inarkiev, Ernesto"]
[Result "0-1"]
[WhiteElo "2546"]
[BlackElo "2593"]
[EventDate "2003.10.10"]
[PlyCount "78"]

1.c4 g6 2.Nc3 Bg7 3.d4 Nf6 4.e4 d6 5.Nf3 O-O 6.Be2 e5 7.O-O Nc6 8.d5 Ne7 
9.Nd2 a5 10.a3 Bd7 11.b3 c6 12.Re1 Ne8 13.Bb2 c5 14.Nb5 f5 15.Bc3 Kh8 16.
Rc1 Qb6 17.Bf1 Nf6 18.f3 g5 19.exf5 Nxf5 20.a4 Bh6 21.g4 Nd4 22.Kg2 Rf7 
23.Bd3 Raf8 24.Bxd4 exd4 25.Nf1 Bg7 26.Ng3 Ng8 27.Ne4 Be5 28.Nxg5 Rg7 29.
Ne6 Bxe6 30.dxe6 Qd8 31.Kh1 Qf6 32.Bf5 Ne7 33.Be4 Bxh2 34.Rc2 Be5 35.Nc7 
h5 36.Rg2 d3 37.g5 Rxg5 38.Reg1 Rxg2 39.Rxg2 Qh4+ 0-1

[Event "7th Essent op"]
[Site "Hoogeveen NED"]
[Date "2003.10.14"]
[Round "5.6"]
[White "Hebden, Mark"]
[Black "Van der Werf, Mark"]
[Result "1/2-1/2"]
[WhiteElo "2560"]
[BlackElo "2423"]
[EventDate "2003.10.10"]
[PlyCount "114"]

1.d4 d5 2.c4 e6 3.Nf3 Nf6 4.Bg5 dxc4 5.Qa4+ c6 6.Qxc4 b5 7.Qc2 Bb7 8.e4 
Nbd7 9.Nbd2 h6 10.Bxf6 Qxf6 11.Bd3 a6 12.O-O Rc8 13.a4 Bb4 14.Nb3 O-O 15.
e5 Qd8 16.Nc5 Nxc5 17.dxc5 Qe7 18.Rac1 Rfd8 19.Bh7+ Kh8 20.Be4 Rd7 21.h4 
Rcd8 22.axb5 axb5 23.h5 Kg8 24.g3 Kh8 25.Kg2 Kg8 26.Rh1 Rd5 27.Bxd5 Rxd5 
28.Qb3 Bxc5 29.Rhd1 Bb6 30.Rxd5 exd5 31.Qd3 d4 32.Qf5 c5 33.g4 c4 34.Kg3 
d3 35.Qf4 Qe6 36.g5 Bxf3 37.Kxf3 Qh3+ 38.Ke4 Qg2+ 39.Qf3 Qxg5 40.Ra1 Qh4+ 
41.Kf5 Kh7 42.Rh1 Qd4 43.Qe4 Qd8 44.Kg4+ Kh8 45.f4 Bf2 46.Kf3 Bh4 47.Ra1 
Qd7 48.f5 Bd8 49.e6 fxe6 50.fxe6 Qd6 51.Kg4 d2 52.Rd1 Bg5 53.Qa8+ Kh7 54.
Qe4+ Kg8 55.Qa8+ Qf8 56.Qe4 Qd6 57.Qa8+ Kh7 1/2-1/2

[Event "7th Essent op"]
[Site "Hoogeveen NED"]
[Date "2003.10.14"]
[Round "5.7"]
[White "Janssen, Ruud"]
[Black "Hoeksema, Hendrik Pieter"]
[Result "1/2-1/2"]
[WhiteElo "2489"]
[BlackElo "2351"]
[EventDate "2003.10.10"]
[PlyCount "115"]

1.c4 Nf6 2.Nc3 e5 3.Nf3 Nc6 4.e3 Bb4 5.Nd5 Bd6 6.d4 exd4 7.Nxd4 O-O 8.Nb5 
Bb4+ 9.Bd2 Bxd2+ 10.Qxd2 Ne8 11.Be2 d6 12.O-O a6 13.Nbc3 Be6 14.e4 Ne7 15.
f4 f6 16.Kh1 c6 17.Ne3 b5 18.Rad1 Qb6 19.b3 Rd8 20.a3 Nc7 21.b4 Qb8 22.Qc1
Qb6 23.Rxd6 Nc8 24.c5 Qb8 25.Rxd8 Rxd8 26.Rd1 Re8 27.Bh5 g6 28.Bg4 Ne7 29.
Rd6 Qc8 30.Qd1 Kg7 31.f5 gxf5 32.exf5 Nxf5 33.Rxe6 Qxe6 34.Nxf5+ Kh8 35.h3
Qe1+ 36.Qxe1 Rxe1+ 37.Kh2 Ra1 38.Nd4 Rxa3 39.Ne4 a5 40.Nxc6 a4 41.Nd4 Re3 
42.Bf5 a3 43.Nd2 a2 44.N2b3 Rc3 45.Na1 Nd5 46.Ndc2 Ne3 47.Nxe3 Rxe3 48.c6 
Rc3 49.Be6 Rxc6 50.Bxa2 Ra6 51.Bd5 Rxa1 52.Bc6 Rb1 53.Bxb5 Rxb4 54.Bc6 Kg7
55.Ba8 Kh6 56.Bc6 Kg5 57.Ba8 Kf4 58.Bc6 1/2-1/2

[Event "7th Essent op"]
[Site "Hoogeveen NED"]
[Date "2003.10.14"]
[Round "5.8"]
[White "Giddins, Stephen"]
[Black "Grigoriants, Sergey"]
[Result "0-1"]
[WhiteElo "2237"]
[BlackElo "2525"]
[EventDate "2003.10.10"]
[PlyCount "64"]

1.Nf3 Nf6 2.c4 b6 3.g3 c5 4.Bg2 Bb7 5.O-O e6 6.Nc3 Be7 7.Re1 O-O 8.e4 d6 
9.d4 cxd4 10.Nxd4 Qc7 11.Ndb5 Qc6 12.Nd4 Qc7 13.Ndb5 Qc6 14.Nd4 Qc8 15.Be3
Nc6 16.f4 Nxd4 17.Bxd4 e5 18.Be3 Qxc4 19.Rc1 Qe6 20.Nd5 Bd8 21.Qa4 Nxd5 
22.exd5 Qe8 23.Qa3 Qd7 24.Rc2 h5 25.Rec1 Re8 26.Bf3 h4 27.gxh4 exf4 28.
Bxf4 Qf5 29.Qxd6 Be7 30.Qc7 Rac8 31.Qxb7 Rxc2 32.Rxc2 Qxc2 0-1

[Event "7th Essent op"]
[Site "Hoogeveen NED"]
[Date "2003.10.14"]
[Round "5.9"]
[White "Stellwagen, Daniel"]
[Black "Willemze, Jeroen"]
[Result "1-0"]
[WhiteElo "2487"]
[BlackElo "2380"]
[EventDate "2003.10.10"]
[PlyCount "67"]

1.e4 c6 2.d4 d5 3.Nc3 dxe4 4.Nxe4 Bf5 5.Ng3 Bg6 6.h4 h6 7.Nf3 Nd7 8.Bd3 
Bxd3 9.Qxd3 Qc7 10.Bd2 e6 11.O-O-O Ngf6 12.Kb1 O-O-O 13.Ne4 Be7 14.g3 c5 
15.Bf4 Qc6 16.Nxf6 Bxf6 17.Rhe1 Rhe8 18.Qa3 cxd4 19.Nxd4 Bxd4 20.Rxd4 e5 
21.Rd6 Qc7 22.Be3 b6 23.Rd3 Nb8 24.Rc3 Nc6 25.b4 Qd6 26.Bxb6 axb6 27.Qa8+ 
Kc7 28.Qa7+ Kc8 29.Qxb6 Re6 30.Re4 Kd7 31.Rd3 Nd4 32.Rexd4 exd4 33.Rxd4 
Ke7 34.Rxd6 1-0

[Event "7th Essent op"]
[Site "Hoogeveen NED"]
[Date "2003.10.14"]
[Round "5.10"]
[White "Baramidze, David"]
[Black "Erwich, Marc"]
[Result "1-0"]
[WhiteElo "2463"]
[BlackElo "2333"]
[EventDate "2003.10.10"]
[PlyCount "99"]

1.e4 e5 2.Nf3 Nc6 3.Bb5 a6 4.Ba4 Nf6 5.O-O Be7 6.Re1 b5 7.Bb3 O-O 8.a4 Bb7
9.d3 d6 10.Nbd2 Na5 11.Ba2 c5 12.Nf1 b4 13.Ne3 Bc6 14.Nf5 c4 15.Qd2 b3 16.
Nxe7+ Qxe7 17.Qxa5 bxa2 18.Rxa2 cxd3 19.cxd3 Qb7 20.b4 Rfe8 21.Bg5 Nd7 22.
Rc2 Nb6 23.Be3 Nxa4 24.Ra1 Rec8 25.h3 Bb5 26.Rxc8+ Rxc8 27.Rxa4 Bxa4 28.
Qxa4 Qb5 29.Qxb5 axb5 30.Kf1 f6 31.Ke2 Kf7 32.Bd2 Ke6 33.d4 Ra8 34.dxe5 
dxe5 35.Nh2 Rc8 36.Ng4 g6 37.Ne3 f5 38.f3 f4 39.Nd1 g5 40.Kd3 Rd8+ 41.Kc2 
h5 42.Nf2 Rc8+ 43.Bc3 Rg8 44.Nd3 g4 45.hxg4 hxg4 46.Bxe5 gxf3 47.gxf3 Rg3 
48.Bxf4 Rxf3 49.Kc3 Rh3 50.Kd4 1-0

[Event "7th Essent op"]
[Site "Hoogeveen NED"]
[Date "2003.10.14"]
[Round "5.11"]
[White "Prasad, Devaki V"]
[Black "Willemze, Thomas"]
[Result "1/2-1/2"]
[WhiteElo "2409"]
[BlackElo "2232"]
[EventDate "2003.10.10"]
[PlyCount "176"]

1.e4 c6 2.d4 d5 3.Nd2 dxe4 4.Nxe4 Bf5 5.Ng3 Bg6 6.N1e2 e6 7.Nf4 Ne7 8.h4 
h6 9.Nxg6 Nxg6 10.h5 Ne7 11.c3 Nd5 12.Ne4 Nd7 13.Qf3 N7f6 14.Bd2 Nxe4 15.
Qxe4 Nf6 16.Qf3 Qd5 17.Qxd5 Nxd5 18.O-O-O O-O-O 19.Be2 Bd6 20.g3 Rd7 21.c4
Ne7 22.Bc3 Rhd8 23.Rhe1 Bc7 24.d5 cxd5 25.Bxg7 Ng8 26.Bc3 Bb6 27.cxd5 Rxd5
28.Rxd5 Rxd5 29.Rf1 Bd4 30.Bxd4 Rxd4 31.f4 f5 32.Bf3 Nf6 33.Re1 Rd6 34.Kc2
Kc7 35.Re3 Rb6 36.a3 Kd6 37.b4 Rb5 38.Kb3 Rb6 39.Kc4 Nd5 40.Bxd5 exd5+ 41.
Kd4 a5 42.Re5 axb4 43.Rxd5+ Ke6 44.Re5+ Kf6 45.Kc5 Rc6+ 46.Kxb4 Rc1 47.Rb5
Ke6 48.Rb6+ Kd5 49.Rxh6 Rb1+ 50.Kc3 Rc1+ 51.Kb2 Rg1 52.Rg6 Rh1 53.Kc3 Rc1+
54.Kb4 Rb1+ 55.Ka5 Kc5 56.Rf6 Rb5+ 57.Ka4 Kc4 58.Rf7 Rb6 59.Rc7+ Kd5 60.
Ka5 Ra6+ 61.Kb4 Rb6+ 62.Kc3 Ra6 63.Rxb7 Rxa3+ 64.Rb3 Ra1 65.Rb5+ Ke6 66.
Rb6+ Kf7 67.Rg6 Rd1 68.Kc4 Rd2 69.Rb6 Rg2 70.Rb3 Rh2 71.Kd4 Rxh5 72.Ke5 
Kg6 73.Rb8 Kg7 74.Ke6 Rh3 75.Rb7+ Kg6 76.Rf7 Rxg3 77.Rxf5 Rg4 78.Rf6+ Kg7 
79.Rf7+ Kg8 80.f5 Ra4 81.Rd7 Ra6+ 82.Ke5 Kf8 83.Kf4 Rb6 84.Kg5 Ra6 85.Rb7 
Rc6 86.Rh7 Ra6 87.f6 Ra1 88.Rb7 Rg1+ 1/2-1/2

[Event "7th Essent op"]
[Site "Hoogeveen NED"]
[Date "2003.10.14"]
[Round "5.12"]
[White "Spoelman, Wouter"]
[Black "Williams, Simon Kim"]
[Result "1-0"]
[WhiteElo "2193"]
[BlackElo "2380"]
[EventDate "2003.10.10"]
[PlyCount "101"]

1.e4 e6 2.d4 d5 3.Nc3 Bb4 4.e5 c5 5.a3 Bxc3+ 6.bxc3 Ne7 7.Qg4 Qc7 8.Qxg7 
Rg8 9.Qxh7 cxd4 10.Ne2 dxc3 11.f4 Bd7 12.Qd3 Nf5 13.g3 Na6 14.Nd4 Qa5 15.
Nxf5 exf5 16.Qd4 Nc5 17.Bg2 Bc6 18.Be3 Ne6 19.Qb4 Qxb4 20.axb4 d4 21.Bxc6+
bxc6 22.Bf2 Ke7 23.Ke2 Rgb8 24.Ra4 c5 25.bxc5 Rb2 26.Bxd4 Rd8 27.Ke3 Rxc2 
28.c6 Ke8 29.Rc4 Rd2 30.c7 Nxc7 31.Rxc7 R2xd4 32.Rxc3 Rd2 33.h4 Rg2 34.Rh3
Rdd2 35.Rd3 Rc2 36.Kd4 a5 37.h5 Rh2 38.g4 fxg4 39.h6 Rcd2 40.Ke4 Rxh3 41.
Rxh3 gxh3 42.h7 h2 43.h8=Q+ Kd7 44.Ke3 Rb2 45.f5 Rb3+ 46.Ke4 Rb2 47.Kf3 a4
48.e6+ fxe6 49.f6 Rb5 50.Kg2 Rb2+ 51.Kh1 1-0

[Event "7th Essent op"]
[Site "Hoogeveen NED"]
[Date "2003.10.14"]
[Round "5.13"]
[White "Dambacher, Martijn"]
[Black "De Jong, Migchiel"]
[Result "1-0"]
[WhiteElo "2419"]
[BlackElo "2274"]
[EventDate "2003.10.10"]
[PlyCount "91"]

1.d4 Nf6 2.c4 g6 3.Nc3 Bg7 4.e4 d6 5.Nf3 O-O 6.Be2 e5 7.O-O c6 8.d5 Na6 9.
Be3 Ng4 10.Bg5 f6 11.Bh4 c5 12.Ne1 Nh6 13.f3 Nf7 14.Nd3 Qe8 15.Bf2 f5 16.
Rb1 f4 17.a3 Qe7 18.b4 b6 19.bxc5 dxc5 20.a4 Nd6 21.a5 Rb8 22.axb6 axb6 
23.Qc2 Bd7 24.Na4 Bxa4 25.Qxa4 Nc7 26.Qc6 Na8 27.Nxc5 bxc5 28.Bxc5 Rbd8 
29.Ra1 Qb7 30.Ra7 Qxc6 31.dxc6 Rf7 32.Rxa8 Rxa8 33.Bxd6 Rc8 34.c5 Ra7 35.
Rb1 Bf8 36.Bc4+ Kh8 37.Bxe5+ Bg7 38.Bxg7+ Rxg7 39.Be6 Rgc7 40.Bxc8 Rxc8 
41.Rb6 Kg7 42.Rb7+ Kh6 43.c7 Kg7 44.Kf2 Kf6 45.Ke2 Ke5 46.Kd3 1-0

[Event "7th Essent op"]
[Site "Hoogeveen NED"]
[Date "2003.10.14"]
[Round "5.14"]
[White "Wempe, Joost"]
[Black "Jonkman, Harmen"]
[Result "1/2-1/2"]
[WhiteElo "2259"]
[BlackElo "2414"]
[EventDate "2003.10.10"]
[PlyCount "135"]

1.e4 e5 2.Nf3 Nf6 3.Nc3 Nc6 4.Bb5 Bb4 5.O-O O-O 6.Bxc6 dxc6 7.Nxe5 Re8 8.
Nd3 Bxc3 9.dxc3 Nxe4 10.Qf3 Qh4 11.Re1 Bd7 12.Qf4 Qxf4 13.Bxf4 Rac8 14.f3 
Nf6 15.c4 Be6 16.Nc5 b6 17.Nxe6 fxe6 18.Rad1 Kf7 19.Rd3 Re7 20.Be5 Nd7 21.
f4 Nc5 22.Rd4 Nd7 23.Kf2 c5 24.Rd3 Nb8 25.Kf3 Nc6 26.Ke4 Nb4 27.Rd2 a6 28.
c3 Nc6 29.b3 Ra8 30.a4 Na5 31.Rb1 Ke8 32.Kd3 Rd8+ 33.Kc2 Rxd2+ 34.Kxd2 
Rd7+ 35.Kc2 Nc6 36.Re1 Rf7 37.g3 h5 38.Kd3 Rd7+ 39.Ke4 Na5 40.Rb1 Kf7 41.
f5 Nc6 42.fxe6+ Kxe6 43.Bf4 Kf6 44.h4 Ke6 45.Rb2 Na5 46.Rb1 Rf7 47.Rb2 Re7
48.Bg5 Re8 49.Kd3 Kf5 50.Rf2+ Kg4 51.Rf7 Nxb3 52.Bf4 c6 53.Rxg7+ Kf3 54.
Rf7 Kg2 55.Rh7 b5 56.axb5 cxb5 57.cxb5 axb5 58.Rxh5 c4+ 59.Kc2 Re2+ 60.Kd1
Kf3 61.Rxb5 Rh2 62.Re5 Rh1+ 63.Kc2 Rh2+ 64.Kb1 Nd2+ 65.Bxd2 Rxd2 66.Rg5 
Ke3 67.Rf5 Rg2 68.Rg5 1/2-1/2

[Event "7th Essent op"]
[Site "Hoogeveen NED"]
[Date "2003.10.14"]
[Round "5.15"]
[White "Dogge, Marc"]
[Black "Van de Oudeweetering, Arthur"]
[Result "0-1"]
[WhiteElo "2228"]
[BlackElo "2389"]
[EventDate "2003.10.10"]
[PlyCount "80"]

1.e4 e5 2.Nf3 Nc6 3.Bb5 a6 4.Ba4 Nf6 5.d4 exd4 6.O-O Be7 7.Re1 b5 8.e5 
Nxe5 9.Nxe5 bxa4 10.Qxd4 O-O 11.Bg5 Rb8 12.Nc3 Rb6 13.a3 Bb7 14.Rad1 c5 
15.Qxa4 d5 16.Nd7 Bc6 17.Qa5 Rxb2 18.Qxd8 Rxd8 19.Bxf6 Bxf6 20.Nxf6+ gxf6 
21.h4 Rxc2 22.Ne4 d4 23.Nxf6+ Kg7 24.Nh5+ Kf8 25.Nf6 h6 26.Ng4 Kg7 27.Ne5 
Bb5 28.Re4 Be2 29.Rb1 d3 30.Rf4 Rf8 31.Rb7 Bh5 32.Nxd3 c4 33.Ne5 c3 34.g4 
Rb2 35.Rc7 c2 36.Kh2 Bg6 37.h5 Rb1 38.hxg6 c1=Q 39.Rfxf7+ Rxf7 40.Rxf7+ 
Kg8 0-1

[Event "7th Essent op"]
[Site "Hoogeveen NED"]
[Date "2003.10.14"]
[Round "5.16"]
[White "Timmermans, Ivo"]
[Black "Jens, Jelmer"]
[Result "0-1"]
[WhiteElo "2213"]
[BlackElo "2387"]
[EventDate "2003.10.10"]
[PlyCount "118"]

1.d4 Nf6 2.c4 e6 3.Nc3 Bb4 4.f3 d5 5.a3 Bxc3+ 6.bxc3 c5 7.cxd5 Nxd5 8.dxc5
Qa5 9.e4 Ne7 10.Qb3 Qxc5 11.Qb5+ Qxb5 12.Bxb5+ Bd7 13.Bxd7+ Nxd7 14.Be3 
Nc6 15.Ne2 Na5 16.Nd4 Ke7 17.Ke2 Rhc8 18.Rhd1 b6 19.Ra2 Nc5 20.a4 Nc4 21.
Bc1 g6 22.Ba3 Nxa3 23.Rxa3 Nb7 24.Nb5 Rc5 25.Rb3 Na5 26.Rb4 a6 27.Nd4 Nc4 
28.Nb3 Rc6 29.Nd4 Rc7 30.Nb3 Rb8 31.Nd4 Rc5 32.Nb3 Rc7 33.Nd4 Rd8 34.Nb3 
Rxd1 35.Kxd1 a5 36.Rb5 Nb2+ 37.Kd2 Nxa4 38.Nd4 Rxc3 39.Rxb6 Nxb6 40.Kxc3 
Kd6 41.Nb3 a4 42.Nc1 Kc5 43.Nd3+ Kb5 44.Ne5 f6 45.Nf7 Nc4 46.Nd8 e5 47.Ne6
Ne3 48.Nf8 Nxg2 49.Nxh7 Nh4 50.Nxf6 Nxf3 51.h3 g5 52.Ng4 Kc5 53.Ne3 a3 54.
Ng4 a2 55.Kb2 Kd4 56.Nf6 Ng1 57.Kxa2 Nxh3 58.Kb2 Nf2 59.Kc2 Ke3 0-1

[Event "7th Essent op"]
[Site "Hoogeveen NED"]
[Date "2003.10.14"]
[Round "5.17"]
[White "Van Lommel, Patrick"]
[Black "Afek, Yochanan"]
[Result "1/2-1/2"]
[WhiteElo "2168"]
[BlackElo "2376"]
[EventDate "2003.10.10"]
[PlyCount "24"]

1.d4 d5 2.c4 dxc4 3.e3 e5 4.Bxc4 exd4 5.exd4 Bb4+ 6.Nc3 Nf6 7.Qb3 Qe7+ 8.
Ne2 O-O 9.O-O Nc6 10.Bg5 Na5 11.Bxf6 gxf6 12.Qc2 Nxc4 1/2-1/2

[Event "7th Essent op"]
[Site "Hoogeveen NED"]
[Date "2003.10.14"]
[Round "5.18"]
[White "Okkes, Menno"]
[Black "Hulshof, Peter"]
[Result "1-0"]
[WhiteElo "2352"]
[BlackElo "2202"]
[EventDate "2003.10.10"]
[PlyCount "93"]

1.e4 g6 2.d4 Bg7 3.Nc3 c6 4.f4 d5 5.e5 h5 6.Nf3 Nh6 7.Be3 Bg4 8.h3 Nf5 9.
Bf2 Bxf3 10.Qxf3 h4 11.Bd3 e6 12.Ne2 Bf8 13.O-O Nd7 14.Kh2 Rc8 15.Rfd1 Be7
16.b3 a5 17.c4 Ba3 18.Rab1 Nb8 19.Nc3 Bb4 20.Rbc1 Ba3 21.Rc2 Bb4 22.Nb1 
Be7 23.Bxf5 gxf5 24.Rdc1 b6 25.cxd5 Qxd5 26.Qxd5 exd5 27.Nd2 Ba3 28.Rd1 
Nd7 29.Nf3 Be7 30.Rdc1 Nb8 31.Ng5 Rh5 32.Be3 Ba3 33.Re1 Bb4 34.Bd2 Be7 35.
e6 f6 36.Nf3 Bd6 37.Re2 Ke7 38.Kg1 Re8 39.Kf1 Bc7 40.a4 Kd6 41.Be1 Rxe6 
42.Bxh4 Rxe2 43.Rxe2 Nd7 44.g4 fxg4 45.hxg4 Rh7 46.f5 Re7 47.Bg3+ 1-0

[Event "7th Essent op"]
[Site "Hoogeveen NED"]
[Date "2003.10.14"]
[Round "5.19"]
[White "Ris, Robert"]
[Black "Hendriks, Richard V"]
[Result "1-0"]
[WhiteElo "2297"]
[BlackElo "2108"]
[EventDate "2003.10.10"]
[PlyCount "167"]

1.Nf3 c5 2.e4 e6 3.b3 d6 4.Bb2 Nf6 5.e5 dxe5 6.Nxe5 Be7 7.Bb5+ Nbd7 8.Qf3 
O-O 9.O-O Nxe5 10.Bxe5 Qd5 11.Qe2 Qe4 12.Nc3 Qxe2 13.Bxe2 Nd7 14.Bg3 f5 
15.Bc7 Bf6 16.Rfe1 Be5 17.Bxe5 Nxe5 18.Bb5 Ng6 19.Bc4 Rd8 20.Rad1 Kf7 21.
Nb5 Nf8 22.Re5 Kf6 23.Rxc5 Nd7 24.Rc7 Nb6 25.a4 Nxc4 26.Rxc4 Bd7 27.Nc3 
Rac8 28.Rxc8 Rxc8 29.f4 g5 30.fxg5+ Kxg5 31.Re1 Kf6 32.Kf2 a6 33.a5 Rc5 
34.b4 Rc4 35.Rb1 Bc6 36.g3 h5 37.Rb2 h4 38.Ne2 hxg3+ 39.hxg3 e5 40.d3 Rg4 
41.c4 f4 42.b5 axb5 43.cxb5 Bd5 44.gxf4 exf4 45.Rb4 Ke5 46.a6 bxa6 47.bxa6
Rh4 48.d4+ Kd6 49.a7 Rh2+ 50.Ke1 Rh1+ 51.Kd2 Rh2 52.Rb5 Bf3 53.Re5 Bb7 54.
Rb5 Bf3 55.Re5 Bb7 56.Ke1 Rh1+ 57.Kf2 Rh2+ 58.Kf1 Rh1+ 59.Ng1 Rh8 60.Ra5 
Kc6 61.Ne2 Kb6 62.Ra3 Ra8 63.Kf2 Rxa7 64.Rb3+ Kc7 65.Nxf4 Bc8 66.Ke3 Kd6 
67.Rb6+ Ke7 68.Nd5+ Kf7 69.Rf6+ Kg7 70.Rc6 Bd7 71.Rd6 Bc8 72.Kf4 Ra1 73.
Rd8 Rf1+ 74.Ke5 Re1+ 75.Kd6 Bh3 76.Nc7 Re2 77.d5 Bg2 78.Ne6+ Kf6 79.Nf4 
Rd2 80.Nxg2 Rxg2 81.Rf8+ Kg7 82.Rf3 Ra2 83.Ke6 Re2+ 84.Kd7 1-0

[Event "7th Essent op"]
[Site "Hoogeveen NED"]
[Date "2003.10.14"]
[Round "5.20"]
[White "Doggers, Peter"]
[Black "Werle, Jan"]
[Result "0-1"]
[WhiteElo "2209"]
[BlackElo "2409"]
[EventDate "2003.10.10"]
[PlyCount "68"]

1.e4 c5 2.Nf3 d6 3.d4 cxd4 4.Nxd4 Nf6 5.Nc3 Nc6 6.Bg5 e6 7.Qd2 a6 8.O-O-O 
h6 9.Be3 Be7 10.f3 Nxd4 11.Bxd4 e5 12.Be3 Be6 13.Kb1 Rc8 14.Nd5 Nxd5 15.
exd5 Bf5 16.Bd3 Bxd3 17.Qxd3 O-O 18.c4 Qd7 19.Rc1 Rfe8 20.Rhd1 Bf8 21.c5 
dxc5 22.d6 b6 23.Qxa6 Rc6 24.Qb5 Rd8 25.a4 Qf5+ 26.Ka1 Rcxd6 27.Rxd6 Rxd6 
28.a5 bxa5 29.Bxc5 Qg5 30.Kb1 Rd5 31.Qb8 Rd8 32.Qc7 Qf5+ 33.Ka1 Rc8 34.
Qxa5 e4 0-1

[Event "7th Essent op"]
[Site "Hoogeveen NED"]
[Date "2003.10.14"]
[Round "5.21"]
[White "Grooten, Herman"]
[Black "Markus, John Raymond"]
[Result "1-0"]
[WhiteElo "2390"]
[BlackElo "2206"]
[EventDate "2003.10.10"]
[PlyCount "71"]

1.d4 d5 2.c4 c6 3.Nc3 Nf6 4.e3 e6 5.Nf3 Nbd7 6.Qc2 Bd6 7.g4 dxc4 8.Bxc4 b5
9.Be2 Bb7 10.e4 b4 11.Na4 Qa5 12.Nd2 b3 13.Qxb3 Rb8 14.e5 Ba6 15.Qc2 Bxe2 
16.Kxe2 Bxe5 17.dxe5 Qxe5+ 18.Kf1 O-O 19.Nc4 Qd5 20.Rg1 Ne5 21.Nxe5 Qxe5 
22.h3 Rfd8 23.Be3 Nd5 24.Re1 Nb4 25.Qc4 Nd3 26.Rd1 Nxb2 27.Rxd8+ Rxd8 28.
Nxb2 Qxb2 29.Kg2 Qb7 30.Qc5 a6 31.Rc1 Rc8 32.a4 h6 33.a5 Qd7 34.Rb1 Qd3 
35.Rb6 f5 36.Qe5 1-0

[Event "7th Essent op"]
[Site "Hoogeveen NED"]
[Date "2003.10.14"]
[Round "5.22"]
[White "Ahlers, Ben"]
[Black "Archangelsky, Mikhail"]
[Result "1/2-1/2"]
[WhiteElo "2200"]
[BlackElo "2344"]
[EventDate "2003.10.10"]
[PlyCount "47"]

1.d4 d5 2.c4 c6 3.cxd5 cxd5 4.Nc3 Nf6 5.Bf4 Nc6 6.e3 a6 7.Bd3 Bg4 8.Nf3 e6
9.Qb3 Bxf3 10.gxf3 Na5 11.Qa4+ Nc6 12.O-O Bd6 13.Bxd6 Qxd6 14.f4 O-O 15.
Qd1 b5 16.Kh1 Rfc8 17.Rg1 Na5 18.Qe2 Nc4 19.Rg5 Qb4 20.Rag1 g6 21.Nd1 Rc7 
22.f5 exf5 23.Rxf5 Qe7 24.Nc3 1/2-1/2

[Event "7th Essent op"]
[Site "Hoogeveen NED"]
[Date "2003.10.14"]
[Round "5.23"]
[White "Rubingh, Otto"]
[Black "Galje, Hans"]
[Result "1-0"]
[WhiteElo "2299"]
[BlackElo "2089"]
[EventDate "2003.10.10"]
[PlyCount "93"]

1.b3 e5 2.Bb2 d6 3.g3 g6 4.d4 Nd7 5.Bg2 Bg7 6.dxe5 dxe5 7.Nd2 Ne7 8.Ngf3 
O-O 9.Qc1 Nc6 10.O-O Re8 11.e3 Nb6 12.Rd1 Bg4 13.h3 Bf5 14.e4 Be6 15.a4 
Qc8 16.a5 Nd7 17.Ng5 Nf8 18.Nxe6 Nxe6 19.Kh2 Rd8 20.h4 Bh6 21.Bc3 Ncd4 22.
Qb2 c6 23.Nc4 Qc7 24.Bh3 Bg7 25.Kg2 f5 26.Re1 c5 27.exf5 Qc6+ 28.Kg1 Nf3+ 
29.Kf1 Nxe1 30.Kxe1 Nd4 31.fxg6 Qh1+ 32.Bf1 Qe4+ 33.Ne3 Nf3+ 34.Ke2 hxg6 
35.Bg2 Nd4+ 36.Kf1 Nf3 37.Ra4 Qc6 38.Rc4 Rf8 39.b4 Qf6 40.Rf4 Nd2+ 41.Ke2 
exf4 42.Bxf6 Bxf6 43.Qa2+ Kg7 44.gxf4 Bc3 45.a6 Rad8 46.axb7 Rxf4 47.b8=Q 
1-0

[Event "7th Essent op"]
[Site "Hoogeveen NED"]
[Date "2003.10.14"]
[Round "5.24"]
[White "Van Geffen, Ben"]
[Black "Lorscheid, Gerhard"]
[Result "0-1"]
[WhiteElo "2150"]
[BlackElo "2297"]
[EventDate "2003.10.10"]
[PlyCount "120"]

1.e4 d6 2.d4 g6 3.Nf3 Bg7 4.Nc3 Nf6 5.h3 O-O 6.Be3 a6 7.a4 b6 8.Bc4 e6 9.
d5 e5 10.Qd2 Nbd7 11.Bh6 Nc5 12.Bxg7 Kxg7 13.Qe3 Bd7 14.Be2 a5 15.Nd2 Qe7 
16.g4 Ne8 17.h4 f5 18.gxf5 gxf5 19.Bb5 f4 20.Qf3 Nf6 21.Bxd7 Qxd7 22.b3 
Rg8 23.O-O-O Kf7 24.Rdg1 Raf8 25.Rg5 h6 26.Rf5 Ke7 27.Nf1 Ncxe4 28.Rxe5+ 
dxe5 29.Nxe4 Qxd5 30.Nfd2 Rd8 31.Re1 Nxe4 32.Nxe4 Rg6 33.Qh5 Re6 34.Qf5 
Rf8 35.Qh7+ Rf7 36.Qg8 Qd8 37.Qg4 Qd4 38.Kb1 f3 39.h5 Rf4 40.Qg7+ Kd8 41.
Re3 Rxe4 42.Qf8+ Kd7 43.Qf7+ Kd6 44.Qf8+ Kd5 45.c4+ Kc6 46.Qxf3 Kc5 47.
Rxe4 Rf6 48.Qe2 Rxf2 49.Rxe5+ Kb4 50.Qe1+ Qd2 51.Qxd2+ Rxd2 52.Kc1 Rd3 53.
Re7 Kxb3 54.Rxc7 Rc3+ 55.Kd2 Rxc4 56.Rg7 Kxa4 57.Rg6 b5 58.Rxh6 Rh4 59.Rh8
Kb3 60.h6 b4 0-1

[Event "7th Essent op"]
[Site "Hoogeveen NED"]
[Date "2003.10.14"]
[Round "5.25"]
[White "Potze, Rudolf"]
[Black "Van Beek, Alexander"]
[Result "0-1"]
[WhiteElo "2124"]
[BlackElo "2276"]
[EventDate "2003.10.10"]
[PlyCount "28"]

1.e4 d5 2.exd5 Qxd5 3.Nc3 Qd6 4.d4 Nf6 5.Nf3 a6 6.g3 Bg4 7.Bg2 Nc6 8.Bf4 
Qb4 9.O-O O-O-O 10.Qe1 Bxf3 11.Bxf3 Nxd4 12.Bg2 e6 13.a3 Qc4 14.b3 Qxc3 
0-1

[Event "7th Essent op"]
[Site "Hoogeveen NED"]
[Date "2003.10.14"]
[Round "5.26"]
[White "Rothuis, Vincent"]
[Black "Jongsma, Daan"]
[Result "0-1"]
[WhiteElo "2071"]
[BlackElo "2248"]
[EventDate "2003.10.10"]
[PlyCount "88"]

1.e4 c5 2.Nf3 g6 3.d4 Bg7 4.dxc5 Qa5+ 5.Bd2 Qxc5 6.Bc3 Nf6 7.Bd3 Nc6 8.O-O
d6 9.Nbd2 b5 10.a3 O-O 11.Qe2 a6 12.Rad1 Bb7 13.Nb3 Qb6 14.Nbd4 Rac8 15.
Nxc6 Bxc6 16.Rfe1 Rc7 17.Nd4 Ba8 18.Nb3 Qb7 19.f3 Nd7 20.Bxg7 Kxg7 21.f4 
Rfc8 22.c3 Nb6 23.e5 dxe5 24.fxe5 Na4 25.Rf1 e6 26.Rf2 Rd8 27.Nd4 Rcd7 28.
Rdf1 Kg8 29.h4 Nc5 30.Bb1 Ne4 31.Rf3 Qd5 32.Re3 Nc5 33.h5 Nb3 34.hxg6 hxg6
35.Rf4 Nxd4 36.Rxd4 Qc5 37.Rxd7 Rxd7 38.Kh2 Qe7 39.Rd3 Rxd3 40.Bxd3 Qh4+ 
41.Kg1 Qg3 42.Bc2 Qf4 43.Bd3 Bd5 44.a4 Qxa4 0-1